000 00535nam a2200169 4500
001 110275
003 ES-MaACL
005 20230906185021.0
007 t|
008 061121s1972 sp r ||||1| spa d
100 1 _aMolho, Maurice.
_981870
245 1 0 _aIntroducción al pensamiento picaresco /
_cMaurice Molho; traducción de Augusto Gálvez-Cañero y Pidal.
260 _aSalamanca :
_bAnaya,
_c1972.
300 _a229 p. ;
_c19 cm.
700 1 _aGálvez-Cañero y Pidal, Augusto.
_953717
852 _aES-MaACL
_jC-49794
_bR.84682
999 _c110275
_d110275